Statistieken voor Landen met een letter - AAA+

Klik hier om de quiz te nemen!

Algemene statistieken

  • Deze quiz is 68 keer genomen
  • De gemiddelde score is 10 van 19

Antwoordstatistieken

CategorieLand% Correct
5 x ACentraal-Afrikaanse Republiek
88%
4 x AAntigua en Barbuda
76%
3 x AVerenigde Arabische Emiraten
76%
3 x ACanada
65%
3 x AMarshalleilanden
59%
3 x APanama
59%
3 x ABahama's
53%
4 x AEquatoriaal-Guinea
53%
3 x AGuatemala
53%
3 x AKazachstan
53%
3 x ASaoedi-Arabië
53%
3 x ANicaragua
47%
4 x AMadagaskar
41%
3 x ATanzania
41%
3 x AAfghanistan
35%
3 x AJamaica
35%
3 x AParaguay
35%
3 x APapoea-Nieuw-Guinea
29%
4 x AVaticaanstad
24%

Scoreverdeling

Percentiel versus Aantal Correcte Antwoorden

Procent van Mensen met Elke Score

Uw Scoregeschiedenis

U heeft deze quiz nog niet genomen